| 000 | 01486nam a2200397 c 4500 | ||
|---|---|---|---|
| 999 |
_c173524 _d173524 |
||
| 003 | BLK | ||
| 005 | 20250208123055.0 | ||
| 008 | 180411b bul|||||r ||||||| ||bul|| | ||
| 010 | _aKNG00181937000 | ||
| 020 | _a9786191860883 | ||
| 040 | _aBLK | ||
| 041 |
_aBUL _cBUL |
||
| 072 | 7 |
_2bullib _aН85 _xДетска художествена литература Н |
|
| 080 |
_aАнглийска литература _b821.111 _x-93-34 _z821.111-93-34 |
||
| 100 |
_aМаккий, Дейвид _eпърви автор _91299 |
||
| 139 |
_aМаккий, Дейвид _bМ 19 |
||
| 245 | 1 | 0 |
_aЕлмър и Уилбър _cтекст и ил. Дейвид Маккий; прев. Манол Костадинов Пейков. |
| 257 | _aGBR | ||
| 260 |
_bЖанет 45 _c2014 _aПловдив |
||
| 300 |
_a32 с. _bс цв. ил. _c28 см |
||
| 380 | _aDX | ||
| 500 | _aБез сведение за ориг. загл. | ||
| 653 | _aприказки | ||
| 653 | _aлитература за деца | ||
| 653 | _aдетска литература | ||
| 659 | _aН | ||
| 700 | 1 |
_aМаккий, Дейвид _eтекст и ил. _9336412 |
|
| 700 | 1 |
_aПейков, Манол Костадинов _eпрев. _9382564 |
|
| 852 | _aЦб ІІ 20903 | ||
| 856 | 4 | _qpdf | |
| 856 | 4 | _qpdf | |
| 942 |
_cKNG _n0 _036 _s1 |
||
| 944 |
_aCR _c16.09.2015 _lРусанова Ирена _k30542 |
||
| 944 |
_aED _c03.11.2015 _lф / _kЛюдмила_Стоянова |
||
| 999 | _d173524 | ||